000 00904nam a2200253Ia 4500
003 GCL
008 140319s9999 xx 000 0 ara d
040 _aGCL /
_cGCL
082 0 4 _a327.1011
_bك ه
100 1 _aاحمد غسان سبانو
245 1 0 _aهنرى كيسنجر : محاضرات ومقالات مختارة 1982 - 1984 /
_cاحمد غسان سبانو
700 1 _aكيسنجر, هنرى
700 1 _aخالد اسعد عيسى
300 _a242 ص
490 _aالهيئة العامة للاستعلامات
_v0
650 0 4 _aالنزاع العربى الاسرائيلى
650 0 4 _aالشرق الاوسط
650 0 4 _aالعلاقات الخارجية
650 0 4 _aحلف الاطلنطى
650 0 4 _aالسياسات الدولية
650 0 4 _aالاسلحة النووية
650 0 4 _aالناتو - الاحلاف العسكرية
942 _2ddc
_cBK
999 _c49160
_d49160